| 000 | 00997nam a2200265Ia 4500 | ||
|---|---|---|---|
| 003 | OSt | ||
| 005 | 20220923230958.0 | ||
| 006 | a|||||r|||| 00| 0 | ||
| 007 | ta | ||
| 008 | 220922b |||||||| |||| 00| 0 hin d | ||
| 024 | _a327,495 | ||
| 037 | _cTextual | ||
| 040 |
_aARTS _cARTS _bhin |
||
| 041 |
_2hin _ahin |
||
| 082 | _aO152,2M50, P2 | ||
| 100 |
_aचौधरी, लालसिंह, संपा. _9156370 |
||
| 245 | 0 |
_aभारतदुर्दशा _b नाट्य रासक व लास्य रूपक |
|
| 246 | _aBhāratadurdashā: nāṭya rāsak v lāsya rūpaka | ||
| 260 |
_aगाजियाबाद _b के. एल. पचौरी प्रकाशन _c2002 |
||
| 300 |
_a54पृ. _ccm. |
||
| 650 | _a हिन्दी नाटक | ||
| 650 |
_aहिन्दी साहित्य _9156264 |
||
| 942 |
_hO152,2M50, P2 _cTEXL _2CC |
||
| 999 |
_c388553 _d388553 |
||